Photography for surveyors (Record no. 104702)
[ view plain ]
| 000 -LEADER | |
|---|---|
| fixed length control field | 01540cam a2200229 4500 |
| 001 - CONTROL NUMBER | |
| control field | E131258 |
| 008 - FIXED-LENGTH DATA ELEMENTS--GENERAL INFORMATION | |
| fixed length control field | 051012n2005 000 0 eng u |
| 020 ## - INTERNATIONAL STANDARD BOOK NUMBER | |
| International Standard Book Number | 0728204770 |
| 035 ## - SYSTEM CONTROL NUMBER | |
| System control number | (Sirsi) u131258 |
| 050 ## - LIBRARY OF CONGRESS CALL NUMBER | |
| Classification number | P525.9820285 |
| 100 ## - MAIN ENTRY--PERSONAL NAME | |
| Personal name | Evans, Gareth |
| 245 ## - TITLE STATEMENT | |
| Title | Photography for surveyors |
| 260 ## - PUBLICATION, DISTRIBUTION, ETC. | |
| Place of publication, distribution, etc. | London |
| Name of publisher, distributor, etc. | EG Books |
| Date of publication, distribution, etc. | 2005 |
| 300 ## - PHYSICAL DESCRIPTION | |
| Extent | vii,35p. : ill. ; 30cm. |
| 350 ## - PRICE (NR) (BK AM CF MU VM SE) [OBSOLETE] | |
| Price | 20.00 |
| 520 ## - SUMMARY, ETC. | |
| Summary, etc. | This publication is solely about photographing buildings. It is for the busy surveyor, or other property professional, who wants fuss-free but high-quality pictures for reports, filing, emailing or web posting. Technical detail is kept to the minimum necessary. A glance at any property magazine, such as Estates Gazette, or a textbook such as Structural Surveys of Dwelling Houses, shows the importance of photographic images to the surveying profession. Many of these images have been taken by professionals. However, there is absolutely no reason why the surveyor, with only reasonable equipment, cannot produce excellent images which are capable of great enlargement and which will enhance a report, provide an aide-memoire, or can be attached to a database. This volume attempts to provide the minimum knowledge that a property professional should have in order to produce quality images. The author has concentrated on the practical requirements of the on-site property professional. |
| 590 ## - LOCAL NOTE (RLIN) | |
| Local note | IKA140306 |
| 650 ## - SUBJECT ADDED ENTRY--TOPICAL TERM | |
| Topical term or geographic name entry element | PHOTOGRAPHY |
| 690 ## - LOCAL SUBJECT ADDED ENTRY--TOPICAL TERM (OCLC, RLIN) | |
| Topical term or geographic name as entry element | BUILT ENVIRONMENT-BUILDING INSPECTION |
| 942 ## - ADDED ENTRY ELEMENTS (KOHA) | |
| Suppress in OPAC | 0 |
| Withdrawn status | Lost status | Source of classification or shelving scheme | Damaged status | Not for loan | Home library | Current library | Shelving location | Date acquired | Cost, normal purchase price | Total Checkouts | Full call number | Barcode | Date last seen | Copy number | Cost, replacement price | Price effective from | Koha item type |
|---|---|---|---|---|---|---|---|---|---|---|---|---|---|---|---|---|---|
| Dewey Decimal Classification | London | London | Basement | 15/04/2008 | 22.99 | BASEMENT | 30072659 | 06/08/2019 | 1 | 22.99 | 06/08/2019 | Book |